000 00454pab a2200169 454500
008 180718b2012 xxu||||| |||| 00| 0 eng d
100 _aKeane, Michael
245 _aMicro and macro labor supply elasticities: A reassessment of conventional wisdom
260 _c2012
300 _ap.464-476.
362 _aJun
650 _aLabour supply
700 _aRogerson, Richard
773 _aJournal of Economic Literature
908 _aN
909 _a97141
999 _c97141
_d97141